000 00428nam a2200181Ia 4500
001 4002
005 20260306145724.0
008 260306t2005||||xx |||||||||||||| ||spa||
041 _aESP
082 _a306.349
_bO41
100 _aOlaya Morales, María Beatriz
_eAUT
245 0 _aAgroexportando valores
260 _c2005
300 _a304 páginas :
_c24 cm.
650 _aGEN
654 _aCHU
942 _cLIB
_dJUS
_fJUS
_2ddc
_n
999 _c4002
_d4002